00886nam a22002297a 45000010005000000030006000050050017000110080041000280200018000690400029000870500008001161000027001242450101001512500034002522600010002863000050002965050008003465200213003545210029005675210020005967000040006167977FISKH20250815145443.0250815b cb ||||| |||| 00| 0 eng d a9788120749153 aFISKHbengcFISKHdFISKH aPZ7 aVinyoli, Joan Y Albert aThe big book dectectives / cTexts by Joan Y Albert Vinyoli : Illustrations Felieiano G. Zecchin aFirst Edition : October, 2008 c2009. a109 pages : bcolor illustrations ;c29 cm .  aR  aFull color. With this brilliant book, you will discover what the greatest fictional investigators, and the people who created them, were like, and will follow the incredible cases they worked on with success.8 a750 bLexile estimate 8 aR bRaz-Plus  aZecchi, Feliciano G. eIllustrator